000 00283nam a22001337a 4500
008 170908b xxu||||| |||| 00| 0 eng d
020 _a9780470462423
041 _aeng
080 _214TH
_a91
100 _a42
101 _aGJEO
245 _aGEOGRAPHY
_cBLIJ,H,J
942 _2udc
_cBK
999 _c26874
_d26874